<?xml version="1.0" encoding="UTF-8"?>
<collection xmlns="http://www.loc.gov/MARC21/slim">
 <record>
  <leader>00615pamaa2200193   4500</leader>
  <controlfield tag="001">0000018306</controlfield>
  <controlfield tag="005">20090121090000.0</controlfield>
  <datafield tag="020" ind1="0" ind2="0">
   <subfield code="a">0003223566 </subfield>
  </datafield>
  <datafield tag="090" ind1="0" ind2="0">
   <subfield code="a">LB1028 </subfield>
   <subfield code="b">ESS 1995</subfield>
  </datafield>
  <datafield tag="245" ind1="1" ind2="0">
   <subfield code="a">ESSENTIAL research skills  </subfield>
   <subfield code="c">Val Bailey ... [et al.].</subfield>
  </datafield>
  <datafield tag="260" ind1="0" ind2="0">
   <subfield code="a">London: </subfield>
   <subfield code="b">Collins educational, </subfield>
   <subfield code="c">1995.</subfield>
  </datafield>
  <datafield tag="300" ind1=" " ind2=" ">
   <subfield code="a">200p.: </subfield>
   <subfield code="b">24cm.</subfield>
  </datafield>
  <datafield tag="440" ind1="0" ind2="0">
   <subfield code="a">HarperCollins essential series</subfield>
  </datafield>
  <datafield tag="650" ind1="0" ind2="0">
   <subfield code="a">Information retrieval -- </subfield>
   <subfield code="x">Handbooks, manuals, etc </subfield>
  </datafield>
  <datafield tag="650" ind1="0" ind2="0">
   <subfield code="a">Research -- </subfield>
   <subfield code="x">Methodology -- </subfield>
   <subfield code="x">Handbooks, manuals, etc </subfield>
  </datafield>
  <datafield tag="700" ind1="1" ind2="1">
   <subfield code="a">BAILEY, </subfield>
   <subfield code="h">Val </subfield>
  </datafield>
  <datafield tag="700" ind1="1" ind2="1">
   <subfield code="a">BEMROSE, </subfield>
   <subfield code="h">Geoff </subfield>
  </datafield>
  <datafield tag="700" ind1="1" ind2="1">
   <subfield code="a">GODDARD, </subfield>
   <subfield code="h">Sharon </subfield>
  </datafield>
  <datafield tag="740" ind1="0" ind2="0">
   <subfield code="a">Research skills</subfield>
  </datafield>
 </record>
</collection>
